书目信息 |
| 题名: |
物质微观世界探秘:著名科学家谈核科学
|
|
| 作者: | 袁之尚 , 张美媛 著 | |
| 分册: | ||
| 出版信息: | 桂林 广西师范大学出版社 1999.01 |
|
| 页数: | 120页 | |
| 开本: | 32开 | |
| 丛书名: | ||
| 单 册: | ||
| 中图分类: | TL-49 | |
| 科图分类: | ||
| 主题词: | 核技术 | |
| 电子资源: | ||
| ISBN: | 7-5633-2799-1 | |
| 000 | 00650nam0 2200205 45 | |
| 001 | 0103271178 | |
| 005 | 20010327112716.6 | |
| 010 | @a7-5633-2799-1@d9.00元 | |
| 100 | @a20010327d1999 km y0chiy0120 ea | |
| 101 | 0 | @achi |
| 105 | @a z 000yy | |
| 200 | 1 | @a物质微观世界探秘:著名科学家谈核科学@AWu Zhi Wei Guan Shi Jie Tan Mi:Zhu Ming Ke Xue Jia Tan He Ke Xue@f袁之尚,张美媛著@FYuan Zhi Shang,Zhang Mei Yuan Zhu |
| 210 | @a桂林@c广西师范大学出版社@d1999.01 | |
| 215 | @a120页@d32开 | |
| 606 | 0 | @a核技术 |
| 690 | @aTL-49@v3 | |
| 701 | 0 | @a袁之尚@4著 |
| 701 | 0 | @a张美媛@4著 |
| 801 | @aCN@bPftUser@c20010327 | |
| 905 | @b332706-708@dTL-49@eY801@f3 | |
| 物质微观世界探秘:著名科学家谈核科学/袁之尚,张美媛著.-桂林:广西师范大学出版社,1999.01 |
| 120页;32开 |
| ISBN 7-5633-2799-1:9.00元 |
| ● |
| 相关链接 |
|
|
|
正题名:物质微观世界探秘:著名科学家谈核科学
索取号:TL-49/Y801
 
预约/预借
| 序号 | 登录号 | 条形码 | 馆藏地/架位号 | 状态 | 备注 |
| 1 | 332706 | 203327060 | 期刊室512/501自科库 136排8列4层/ [索取号:TL-49/Y801] | 在馆 | |
| 2 | 332707 | 203327079 | 自科库501/501自科库 136排8列5层/ [索取号:TL-49/Y801] | 在馆 | |
| 3 | 332708 | 203327088 | 期刊室512/501自科库 136排8列4层/ [索取号:TL-49/Y801] | 在馆 |